000 00380cam a2200157ua 4500
003 OSt
005 20260425114224.0
008 260425b |||||||| |||| 00| 0 eng d
041 _aeng
082 _a631.875
_bBRU/CO
100 _aBruce, Maye E .
_97952
245 _aCommon sense compost making /
260 _aLondon :
_bFaber and Faber Ltd.
300 _a102 ; .
942 _cBK
999 _c6002
_d6002